000 01058pab a2200181 454500
008 180718b2011 xxu||||| |||| 00| 0 eng d
100 _aHayllar, Mark Richard
245 _aSocial enterprise: What is it, and how can it be strengthened?
260 _c2011
300 _ap.17-36.
362 _aJun
520 _aThere has been a rapid growth in the social enterprise sector since the early years of the 21st century. This is evident in many countries and is widely regarded as a very positive humanitarian development, though it is not easy to explain exactly what the sector involves. Accordingly, as well as discussing definitional issues, this article draws attention to factors operating to prevent the social enterprise sector from achieving its full potential, and considers strategies that need to be followed to empower social enterprises and ensure their sustainability. - Reproduced.
650 _aSocial enterprise
700 _aWettenhall, Roger
773 _aAsia Pacific Journal of Public Administration
908 _aN
909 _a94141
999 _c94141
_d94141